| 000 | 01165nam a2200373 i 4500 | ||
|---|---|---|---|
| 001 | 53021 | ||
| 003 | ES-MaCES | ||
| 005 | 20250203132934.0 | ||
| 008 | 000000s2023 ssp 000 | sp | ||
| 017 |
_aV 3214-2023 _bDL |
||
| 020 | _a9788411831499 | ||
| 040 |
_aES-MaCES _bspa _cES-MaCES |
||
| 100 | 1 |
_940889 _aVicente Jiménez, Teresa |
|
| 245 | 1 | 0 |
_aJusticia ecológica y derechos de la naturaleza _cTeresa Vicente Jiménez |
| 260 |
_aValencia _bTirant Humanidades _c2023 |
||
| 300 |
_a163 p. _c22 cm |
||
| 490 | 1 | _aDiáspora | |
| 504 | _aBibliografía: p. 157-162 | ||
| 541 | 0 | _cCompra | |
| 650 | 7 |
_aecología _928712 |
|
| 650 | 7 |
_amedio ambiente _928715 |
|
| 650 | 7 |
_adegradación del medio ambiente _930722 |
|
| 650 | 7 |
_aprotección ambiental _929423 |
|
| 650 | 7 |
_aconservación de la naturaleza _928754 |
|
| 650 | 7 |
_apolítica ambiental _929422 |
|
| 650 | 7 |
_adesarrollo sostenible _930785 |
|
| 650 | 7 |
_aderecho medioambiental _930801 |
|
| 650 | 7 |
_aderecho _927151 |
|
| 650 | 7 |
_afilosofía _927252 |
|
| 653 | 1 | 0 | _aMedio ambiente |
| 830 | 0 |
_aDiáspora (Tirant Humanidades) _940888 |
|
| 902 | _aLIB Libro | ||
| 942 |
_2CES _cBK _h4.2. |
||
| 999 |
_c53021 _d53021 |
||